000 00459nam a2200157Ia 4500
003 GCL
005 20240530102127.0
008 140319s9999 xx 000 0 ara d
040 _aGCL /
_cGCL
082 0 4 _a413.1
_bط/ج ق
245 1 0 _aقاموس الجيب فى المترادفات الانكليزية
260 _a[S.N] :
_bمكتبة لبنان ،
_c1981
650 0 4 _aالمعاجم
650 0 4 _aاللغة الانجليزية
942 _2ddc
_cBK
999 _c29983
_d29983